[Event "Sitges Sunway op-A 11th"]
[Site "Sitges"]
[Date "2024.12.18"]
[Round "6"]
[White "Dolas, Aarush"]
[Black "Gupta, Anand"]
[Result "0-1"]
[WhiteElo "2014"]
[BlackElo "1792"]
[PlyCount "110"]
[EventDate "2024.12.12"]
[EventType "swiss"]
[EventRounds "10"]
[EventCountry "ESP"]
[SourceTitle "CB52_2024"]
[SourceDate "2024.12.25"]
[SourceVersion "1"]
[SourceVersionDate "2024.12.25"]
[SourceQuality "1"]

1. e4 c6 2. d3 d5 3. Nd2 e5 4. Ngf3 Bd6 5. g3 Nf6 6. Bg2 0-0 7. 0-0 Re8 8. Re1 Nbd7 9. a3 a5 10. c3 Nc5 11. Qc2 dxe4 12. Nxe4 Nfxe4 13. dxe4 Be6 14. b4 Nb3 15. Rb1 a4 16. Be3 Qc7 17. Nd2 c5 18. Nxb3 axb3 19. Qb2 c4 20. Ra1 b5 21. Red1 Ra6 22. Qe2 Rea8 23. Bc1 Be7 24. Bb2 Rd8 25. Rxd8+ Qxd8 26. Rd1 Rd6 27. Rxd6 Qxd6 28. h4 g5 29. hxg5 Bxg5 30. Bf3 Qd3 31. Kg2 Bd7 32. Qe1 Bc6 33. Bc1 h6 34. a4 bxa4 35. b5 Bxb5 36. Bxg5 hxg5 37. Qc1 Qd8 38. Bg4 Qe7 39. Bf5 a3 40. Qh1 f6 41. Qh5 Be8 42. Qd1 b2 43. Qd5+ Kg7 44. Qd1 a2 45. Qh1 Bg6 46. Bxg6 Kxg6 47. Qh8 Qf7 48. f4 exf4 49. gxf4 gxf4 50. e5 Qd5+ 51. Kh2 Qd2+ 52. Kh3 Qe3+ 53. Kg2 Qg3+ 54. Kf1 b1Q+ 55. Ke2 Qbd3# 0-1

[Event "Sant Boi de Llobregat op 5th"]
[Site "Sant Boi de Llobregat"]
[Date "2024.12.08"]
[Round "10"]
[White "Dolas, Aarush"]
[Black "Anand, Batsukh"]
[Result "0-1"]
[WhiteElo "2014"]
[BlackElo "2313"]
[PlyCount "70"]
[EventDate "2024.11.29"]
[EventType "swiss"]
[EventRounds "10"]
[EventCountry "ESP"]
[SourceTitle "CB50_2024"]
[SourceDate "2024.11.01"]
[SourceVersion "1"]
[SourceVersionDate "2024.11.01"]
[SourceQuality "2"]

1. e4 c6 2. d3 d5 3. Nd2 Nd7 4. Ngf3 g6 5. g3 Bg7 6. Bg2 e5 7. 0-0 Ne7 8. b3 0-0 9. Bb2 d4 10. a4 a5 11. Ba3 b5 12. Bd6 Bb7 13. Bh3 f6 14. Be6+ Kh8 15. Nh4 Nb8 16. Bxe7 Qxe7 17. Qg4 Bh6 18. f4 exf4 19. gxf4 f5 20. Bxf5 gxf5 21. Nxf5 Bc8 22. Qh3 Bxf5 23. Qxh6 Rg8+ 24. Kh1 Rg6 25. Qh5 Bg4 26. Qe5+ Qxe5 27. fxe5 Nd7 28. axb5 cxb5 29. Nf3 Bxf3+ 30. Rxf3 Nxe5 31. Rf5 Ng4 32. Rg1 Rag8 33. Rg3 a4 34. Rxb5 Rf8 35. bxa4 Rf1+ 0-1

[Event "Sant Boi de Llobregat op 5th"]
[Site "Sant Boi de Llobregat"]
[Date "2024.12.06"]
[Round "8"]
[White "Dolas, Aarush"]
[Black "Pomes Marcet, Juan"]
[Result "1/2-1/2"]
[WhiteElo "2014"]
[BlackElo "2213"]
[PlyCount "84"]
[EventDate "2024.11.29"]
[EventType "swiss"]
[EventRounds "10"]
[EventCountry "ESP"]
[SourceTitle "CB50_2024"]
[SourceDate "2024.11.01"]
[SourceVersion "1"]
[SourceVersionDate "2024.11.01"]
[SourceQuality "2"]

1. e4 e6 2. d4 d5 3. Nc3 Bb4 4. Nge2 dxe4 5. a3 Bxc3+ 6. Nxc3 Nc6 7. Bb5 Nge7 8. Be3 0-0 9. 0-0 f5 10. Qd2 a6 11. Bc4 b5 12. Ba2 Nd5 13. Nxd5 exd5 14. Qc3 Ne7 15. Bg5 Bb7 16. Qc5 Rf7 17. a4 bxa4 18. c4 Qd6 19. Bxe7 Rxe7 20. cxd5 Rd7 21. Rfc1 Bxd5 22. Bxd5+ Qxd5 23. Rxa4 Qxc5 24. Rxc5 Rb8 25. Rxf5 Rxb2 26. h3 Rd2 27. Rxa6 R2xd4 28. Re6 g6 29. Rf4 c5 30. Rfxe4 Kf7 31. Re3 R4d6 32. R6e5 Rd5 33. Rf3+ Kg7 34. Re4 Rd4 35. Rxd4 Rxd4 36. Rc3 Rd5 37. Kf1 Kf6 38. Ke2 Ke5 39. Ke3 Kd6 40. Ra3 Kc6 41. Ra7 Rd7 42. Rxd7 Kxd7 1/2-1/2

[Event "Sant Boi de Llobregat op 5th"]
[Site "Sant Boi de Llobregat"]
[Date "2024.12.02"]
[Round "4"]
[White "Sepliarsky, Mario"]
[Black "Dolas, Aarush"]
[Result "1-0"]
[WhiteElo "2109"]
[BlackElo "2014"]
[PlyCount "117"]
[EventDate "2024.11.29"]
[EventType "swiss"]
[EventRounds "10"]
[EventCountry "ESP"]
[SourceTitle "CB50_2024"]
[SourceDate "2024.11.01"]
[SourceVersion "1"]
[SourceVersionDate "2024.11.01"]
[SourceQuality "2"]

1. Nf3 d5 2. g3 Nf6 3. Bg2 Bf5 4. c4 c6 5. cxd5 cxd5 6. Qb3 Qc7 7. Nc3 e6 8. d4 Na6 9. Bf4 Qb6 10. Qxb6 axb6 11. 0-0 Be7 12. Nh4 Bg6 13. Nxg6 hxg6 14. Rfc1 0-0 15. h3 Rfc8 16. g4 Kf8 17. Bf1 Nd7 18. e3 f6 19. Bb5 Nab8 20. Nxd5 Nc6 21. Nxe7 Kxe7 22. Bg3 e5 23. Kg2 exd4 24. exd4 Nf8 25. Re1+ Kd8 26. d5 Ne5 27. Bxe5 fxe5 28. Rxe5 Nd7 29. Re6 Rc5 30. Bxd7 Kxd7 31. Rxg6 Rxd5 32. Rxg7+ Kc6 33. Rg6+ Kb5 34. a4+ Ka6 35. b4 Ka7 36. a5 Rf8 37. axb6+ Kb8 38. Re1 Rd2 39. Rf6 Rc8 40. Re7 Rd1 41. Rff7 Ka8 42. Rf6 Rd4 43. Rfe6 Rxb4 44. Re8 Kb8 45. g5 Rb5 46. h4 Rb4 47. Kg3 Ra4 48. g6 Ra1 49. h5 Rg1+ 50. Kh4 Rh1+ 51. Kg5 Rg1+ 52. Kh6 Rf1 53. g7 Rg1 54. Kh7 Rg5 55. h6 Rd5 56. g8Q Rd7+ 57. Kh8 Rdd8 58. Rxd8 Rxd8 59. Qxd8# 1-0

[Event "Sant Boi de Llobregat op 5th"]
[Site "Sant Boi de Llobregat"]
[Date "2024.11.30"]
[Round "2"]
[White "Dolas, Aarush"]
[Black "Venkatesan, Kavin"]
[Result "0-1"]
[WhiteElo "2014"]
[BlackElo "2244"]
[PlyCount "62"]
[EventDate "2024.11.29"]
[EventType "swiss"]
[EventRounds "10"]
[EventCountry "ESP"]
[SourceTitle "CB50_2024"]
[SourceDate "2024.11.01"]
[SourceVersion "1"]
[SourceVersionDate "2024.11.01"]
[SourceQuality "2"]

1. e4 c5 2. Nf3 d6 3. d4 cxd4 4. Nxd4 Nf6 5. Nc3 g6 6. Be3 a6 7. f3 e5 8. Nb3 Be6 9. Qd2 h5 10. 0-0-0 Nbd7 11. Kb1 b5 12. Nd5 Nxd5 13. exd5 Bf5 14. Bd3 Bxd3 15. Qxd3 Bg7 16. g4 Rc8 17. h4 Nb6 18. Na5 Nc4 19. Nxc4 Rxc4 20. Bg5 Qc7 21. Rhe1 hxg4 22. f4 0-0 23. h5 gxh5 24. fxe5 dxe5 25. Qf5 Qc8 26. Rxe5 f6 27. Re6 fxg5 28. Qg6 Qd7 29. Qxh5 Qxd5 30. Ree1 Qf5 31. Rd3 Qe5 0-1

[Event "Barcelona Sant Marti op-B 24th"]
[Site "Barcelona"]
[Date "2024.07.20"]
[Round "8"]
[White "Zlotchevsky, Nicole"]
[Black "Dolas, Aarush"]
[Result "1/2-1/2"]
[WhiteElo "1845"]
[BlackElo "1845"]
[PlyCount "126"]
[EventDate "2024.07.13"]
[EventType "swiss"]
[EventRounds "9"]
[EventCountry "ESP"]
[SourceTitle "EXT 2025"]
[Source "ChessBase"]
[SourceDate "2024.10.14"]
[SourceVersion "1"]
[SourceVersionDate "2024.10.14"]
[SourceQuality "1"]

1. e4 e6 2. f4 d5 3. e5 c5 4. Nf3 Nc6 5. c3 Qb6 6. Na3 Bd7 7. Nc2 Nh6 8. d4 Rc8 9. Bd3 cxd4 10. cxd4 Bb4+ 11. Bd2 Bxd2+ 12. Qxd2 Na5 13. 0-0 Nc4 14. Qe2 Qc7 15. Ne3 Nxe3 16. Qxe3 Qb6 17. Qe2 a6 18. a4 Qb4 19. Qd2 Qxd2 20. Nxd2 0-0 21. Nb3 b6 22. Bxa6 Rc7 23. Bd3 Ra8 24. a5 bxa5 25. Rxa5 Rb8 26. Nc5 Bc8 27. Rb1 g6 28. b4 Kg7 29. b5 Rb6 30. Na4 Rb8 31. b6 Rc6 32. Ra7 Ng4 33. Rc7 Rbxb6 34. Rxc6 Rxc6 35. Nc5 Ne3 36. Kf2 Nf5 37. Rb4 Nxd4 38. Rxd4 Rxc5 39. Ra4 Bd7 40. Ra7 Rc3 41. Ke2 Bc6 42. Rc7 d4 43. Kd2 Bxg2 44. Rxc3 dxc3+ 45. Kxc3 Kh6 46. Bb5 Kh5 47. Kd4 Kh4 48. Be8 Bh3 49. Bxf7 Bf5 50. Kc5 Kg4 51. Kd6 Kxf4 52. Bxe6 Bc2 53. Bf7 g5 54. e6 Bb3 55. Bh5 g4 56. e7 Ba4 57. e8Q Bxe8 58. Bxe8 Kf3 59. Bh5 Kf4 60. Kd5 Kg5 61. Be8 h5 62. Ke4 h4 63. Ke3 g3 1/2-1/2